Which Is Not A County? - U.S. States - Statistics

General Stats
  • This quiz has been taken 14 times
  • The average score is 5 of 10
Answer Stats
Question Answer % Correct
Montana Weedhill
77%
Indiana Riverbank
69%
Idaho Goldland
62%
Georgia Horl
62%
South Dakota Pinewood
38%
Nebraska Rogging
38%
Ohio Wheele
38%
Illinois Winter
38%
Kansas Nathaniels
31%
Texas Philips
31%
No matching quizzes found
Score Distribution
Percent of People with Each Score
Percentile by Number Answered
Your Score History
You have not taken this quiz